[Event "Pan-Am Intercol. Online"]
[Site "chess.com INT"]
[Date "2021.01.06"]
[Round "9"]
[White "Belous, Vladimir"]
[Black "Preotu, Razvan"]
[Result "0-1"]
[WhiteElo "2524"]
[BlackElo "2487"]
[WhiteFideId "-1"]
[WhiteFideId "-1"]
[PlyCount "110"]
[GameId "2130307590551905"]
[EventDate "2021.01.04"]
[EventType "team (rapid)"]
[EventRounds "9"]
[EventCountry "USA"]
[SourceTitle "The Week in Chess 1366"]
[Source "Mark Crowther"]
[SourceDate "2021.01.11"]
[SourceVersion "1"]
[SourceVersionDate "2021.01.11"]
[SourceQuality "2"]
[WhiteTeam "UTRGV_A"]
[BlackTeam "UTD_A"]

1. d4 Nf6 2. c4 g6 3. Nc3 d5 4. cxd5 Nxd5 5. e4 Nxc3 6. bxc3 Bg7 7. Bc4 c5 8. Ne2 Nc6 9. Be3 O-O 10. h4 Qa5 11. O-O cxd4 12. cxd4 Qh5 13. f3 Qxh4 14. Qd2 Rd8 15. Rac1 Be5 16. f4 Bg7 17. f5 gxf5 18. Rf4 Qf6 19. e5 Qg6 20. Qe1 Bh6 21. Rf3 Bxe3+ 22. Rxe3 Kh8 23. Rg3 Qh6 24. Rh3 Qg7 25. Rh4 Be6 26. Bxe6 fxe6 27. Rc3 Rg8 28. Nf4 Raf8 29. Rch3 Rf7 30. Qf2 Nd8 31. Kh2 Qf8 32. d5 Rg4 33. dxe6 Rfg7 34. Qxa7 Qg8 35. Rxg4 Rxg4 36. Qf2 Nxe6 37. Nd5 Qg5 38. Qb2 Nf4 39. e6+ Kg8 40. Nxf4 Qxf4+ 41. g3 Qe4 42. Rh6 Qf3 43. Qg2 Qxg2+ 44. Kxg2 f4 45. Kf3 fxg3 46. Kg2 Kg7 47. Rh5 Kg6 48. Rb5 h5 49. Rxb7 h4 50. Rb1 Kf6 51. Kh3 Re4 52. a4 Rxa4 53. Re1 Kf5 54. Kg2 Ra2+ 55. Kh3 Rh2# 0-1

[Event "Titled Tuesday 2020.12.22"]
[Site "Chess.com INT"]
[Date "2020.12.22"]
[Round "2"]
[White "Shapiro, David"]
[Black "Preotu, Razvan"]
[Result "1-0"]
[WhiteElo "2399"]
[BlackElo "2487"]
[WhiteFideId "-1"]
[WhiteFideId "-1"]
[PlyCount "69"]
[GameId "1598440687841280"]
[EventDate "2020.12.22"]
[EventType "swiss (blitz)"]
[EventRounds "11"]
[EventCountry "NET"]
[SourceTitle "CBM 199 Extra"]
[Source "ChessBase"]
[SourceDate "2021.01.31"]
[SourceVersion "1"]
[SourceVersionDate "2021.01.31"]
[SourceQuality "1"]

1. d4 Nf6 2. Bf4 c5 3. e3 d5 4. c3 Nc6 5. Nd2 Bf5 6. Qb3 Qc8 7. Ngf3 c4 8. Qd1 h6 9. Be2 b5 10. Ne5 e6 11. Bf3 g5 12. Bg3 h5 13. Nxc6 Qxc6 14. Be5 Be7 15. h3 a5 16. a3 Kd7 17. g3 g4 18. Bg2 b4 19. Bxf6 Bxf6 20. e4 gxh3 21. Bxh3 dxe4 22. d5 Qxd5 23. Bxf5 Qxf5 24. Nxe4+ Ke7 25. Qd6+ Ke8 26. Nxf6+ Qxf6 27. Qc6+ Ke7 28. Qb7+ Kd6 29. O-O-O+ Ke5 30. Rd4 Qxf2 31. Qc7+ Kf6 32. Rf4+ Qxf4+ 33. Qxf4+ Ke7 34. Qg5+ f6 35. Qg7+ 1-0

[Event "Titled Tuesday 2020.12.22"]
[Site "Chess.com INT"]
[Date "2020.12.22"]
[Round "3"]
[White "Preotu, Razvan"]
[Black "Mortazavi, Ali"]
[Result "1-0"]
[WhiteElo "2487"]
[BlackElo "2333"]
[WhiteFideId "-1"]
[WhiteFideId "-1"]
[PlyCount "103"]
[GameId "1598440689070080"]
[EventDate "2020.12.22"]
[EventType "swiss (blitz)"]
[EventRounds "11"]
[EventCountry "NET"]
[SourceTitle "CBM 199 Extra"]
[Source "ChessBase"]
[SourceDate "2021.01.31"]
[SourceVersion "1"]
[SourceVersionDate "2021.01.31"]
[SourceQuality "1"]

1. e4 c6 2. Nc3 d5 3. Nf3 dxe4 4. Nxe4 Nf6 5. Qe2 Be6 6. Nc5 Bc8 7. d4 g6 8. g3 Bg7 9. Bg2 O-O 10. O-O Nbd7 11. Nd3 Nb6 12. c3 Bf5 13. Nfe5 Qc8 14. Nc5 Re8 15. a4 Nbd7 16. Ncd3 Nf8 17. a5 Bh3 18. Bxh3 Qxh3 19. a6 bxa6 20. Rxa6 Rec8 21. Nxc6 Re8 22. Nde5 Ne6 23. Rxa7 Rxa7 24. Nxa7 h5 25. Nac6 h4 26. g4 Nd5 27. Qe4 Nf6 28. Qg2 Qxg2+ 29. Kxg2 Kf8 30. b4 Nd5 31. Bd2 Ra8 32. Rb1 Ra2 33. Nc4 Ndf4+ 34. Kf3 Nd3 35. Ke3 Ndf4 36. b5 f5 37. b6 Nd5+ 38. Ke2 Nxc3+ 39. Ke1 Nxb1 40. b7 Ra1 41. b8=Q+ Kf7 42. N4e5+ Bxe5 43. Nxe5+ Kf6 44. Qh8+ Ng7 45. Qf8+ Ke6 46. Qf7+ Kd6 47. Bb4+ Kc7 48. Qxe7+ Kb6 49. Qc5+ Ka6 50. Qc6+ Ka7 51. Bc5+ Kb8 52. Nd7# 1-0

[Event "Titled Tuesday 2020.12.22"]
[Site "Chess.com INT"]
[Date "2020.12.22"]
[Round "4"]
[White "Diaz Rosas, Julio Cesar"]
[Black "Preotu, Razvan"]
[Result "1-0"]
[WhiteElo "2367"]
[BlackElo "2487"]
[WhiteFideId "-1"]
[WhiteFideId "-1"]
[PlyCount "45"]
[GameId "1598440689614848"]
[EventDate "2020.12.22"]
[EventType "swiss (blitz)"]
[EventRounds "11"]
[EventCountry "NET"]
[SourceTitle "CBM 199 Extra"]
[Source "ChessBase"]
[SourceDate "2021.01.31"]
[SourceVersion "1"]
[SourceVersionDate "2021.01.31"]
[SourceQuality "1"]

1. d4 Nf6 2. c4 g6 3. Nc3 d5 4. Nf3 Bg7 5. h4 dxc4 6. e4 c5 7. d5 b5 8. h5 O-O 9. hxg6 fxg6 10. e5 Ng4 11. d6 e6 12. Rxh7 Rf5 13. Rh3 Nc6 14. a4 Ngxe5 15. Nxe5 Rxe5+ 16. Be3 b4 17. Nb5 c3 18. bxc3 bxc3 19. Qg4 Nd4 20. Qxg6 Bb7 21. Bd3 Qf6 22. Rh8+ Kxh8 23. Qh7# 1-0

[Event "Titled Tuesday 2020.12.22"]
[Site "chess.com INT"]
[Date "2020.12.22"]
[Round "1"]
[White "Preotu, Razvan"]
[Black "Babiy, Olga"]
[Result "1-0"]
[WhiteElo "2487"]
[BlackElo "2287"]
[WhiteFideId "-1"]
[WhiteFideId "-1"]
[PlyCount "69"]
[GameId "2130307590627355"]
[EventDate "2020.12.22"]
[EventType "swiss (blitz)"]
[EventRounds "11"]
[EventCountry "NET"]
[SourceTitle "The Week in Chess 1364"]
[Source "Mark Crowther"]
[SourceDate "2020.12.28"]
[SourceVersion "1"]
[SourceVersionDate "2020.12.28"]
[SourceQuality "2"]

1. e4 c6 2. Nc3 d5 3. Nf3 dxe4 4. Nxe4 Nf6 5. Qe2 Nxe4 6. Qxe4 Qd5 7. Qh4 Qe6+ 8. Be2 Qg4 9. Qg3 Qxg3 10. hxg3 g6 11. Bc4 e6 12. d4 Nd7 13. Bf4 Nb6 14. Bb3 Bg7 15. Bd6 Bd7 16. c3 a5 17. a4 Nd5 18. Ne5 f6 19. Nd3 b6 20. O-O O-O-O 21. c4 Nc7 22. c5 Nd5 23. Bxd5 exd5 24. cxb6 Bf5 25. b7+ Kxb7 26. Nc5+ Kb6 27. Bf4 Rhe8 28. Ra3 Re7 29. Rb3+ Ka7 30. Bd2 Bc2 31. Bxa5 Rde8 32. Rb6 f5 33. Rc1 Re2 34. Rb7+ Ka8 35. Rxg7 1-0

[Event "Titled Tuesday 2020.12.22"]
[Site "chess.com INT"]
[Date "2020.12.22"]
[Round "5"]
[White "Preotu, Razvan"]
[Black "Kononenko, Dmitry2"]
[Result "1-0"]
[WhiteElo "2487"]
[BlackElo "2322"]
[WhiteFideId "-1"]
[WhiteFideId "-1"]
[PlyCount "87"]
[GameId "2130307590644021"]
[EventDate "2020.12.22"]
[EventType "swiss (blitz)"]
[EventRounds "11"]
[EventCountry "NET"]
[SourceTitle "The Week in Chess 1364"]
[Source "Mark Crowther"]
[SourceDate "2020.12.28"]
[SourceVersion "1"]
[SourceVersionDate "2020.12.28"]
[SourceQuality "2"]

1. e4 c6 2. Nc3 d5 3. Nf3 Bg4 4. h3 Bxf3 5. Qxf3 e6 6. Be2 Nd7 7. d4 Bb4 8. O-O Ne7 9. a3 Bxc3 10. bxc3 O-O 11. a4 e5 12. Ba3 exd4 13. cxd4 dxe4 14. Qxe4 Re8 15. Qf3 Nf6 16. Rfd1 Ng6 17. Bd3 Nd5 18. c4 Ndf4 19. Bf1 Qg5 20. g3 Rad8 21. h4 Qf6 22. gxf4 Nxh4 23. Qg3 Re4 24. Bg2 Rxf4 25. Be7 Qxe7 26. Qxf4 Nxg2 27. Kxg2 Rd6 28. Ra3 h5 29. Re3 Rg6+ 30. Kf1 Qd7 31. d5 h4 32. Qxh4 Rg4 33. Qe7 Qf5 34. Qd8+ Kh7 35. Rh3+ Kg6 36. Qd6+ f6 37. Rg3 Kh7 38. Rxg4 Qxg4 39. Rd3 Qxc4 40. Ke2 cxd5 41. Qxd5 Qc2+ 42. Kf1 Qxa4 43. Rh3+ Kg6 44. Qh5# 1-0

[Event "Titled Tuesday 2020.12.22"]
[Site "chess.com INT"]
[Date "2020.12.22"]
[Round "6"]
[White "Gschnitzer, Adrian"]
[Black "Preotu, Razvan"]
[Result "0-1"]
[WhiteElo "2413"]
[BlackElo "2487"]
[WhiteFideId "-1"]
[WhiteFideId "-1"]
[PlyCount "120"]
[GameId "2130307590644055"]
[EventDate "2020.12.22"]
[EventType "swiss (blitz)"]
[EventRounds "11"]
[EventCountry "NET"]
[SourceTitle "The Week in Chess 1364"]
[Source "Mark Crowther"]
[SourceDate "2020.12.28"]
[SourceVersion "1"]
[SourceVersionDate "2020.12.28"]
[SourceQuality "2"]

1. e4 c5 2. a3 Nf6 3. e5 Nd5 4. c4 Nc7 5. Nf3 d6 6. exd6 Qxd6 7. d4 Bg4 8. Be2 cxd4 9. Qxd4 Qxd4 10. Nxd4 Bxe2 11. Kxe2 e5 12. Nf5 Nc6 13. Rd1 g6 14. Ne3 Nd4+ 15. Kf1 O-O-O 16. Nc3 Nb3 17. Rxd8+ Kxd8 18. Rb1 Bh6 19. Ke2 Ne6 20. Bd2 Nf4+ 21. Kd1 Nxd2 22. Kxd2 Nxg2 23. Nb5 Nxe3 24. fxe3 Ke7 25. Nxa7 Rd8+ 26. Ke2 e4 27. Re1 Rd3 28. Kf2 Bg7 29. Nc8+ Ke6 30. b4 Rxa3 31. Nb6 Bc3 32. Rb1 Ra2+ 33. Kg1 Be5 34. h3 f5 35. c5 g5 36. b5 Rc2 37. Na4 f4 38. c6 bxc6 39. b6 fxe3 40. b7 Bb8 41. Nb6 h5 42. Rd1 Rb2 43. Rd8 Bc7 44. Rc8 Rxb6 45. Rxc7 Kd5 46. Rg7 Kd4 47. Rd7+ Kc3 48. Kg2 g4 49. hxg4 hxg4 50. Re7 Kd2 51. Kg3 e2 52. Rxe4 e1=Q+ 53. Rxe1 Kxe1 54. Kxg4 Rxb7 55. Kf4 c5 56. Ke4 Rd7 57. Ke3 c4 58. Ke4 c3 59. Ke5 c2 60. Ke6 Rd3 0-1

[Event "Titled Tuesday 2020.12.22"]
[Site "chess.com INT"]
[Date "2020.12.22"]
[Round "7"]
[White "Preotu, Razvan"]
[Black "Siniauski, Artsiom"]
[Result "1-0"]
[WhiteElo "2487"]
[BlackElo "2275"]
[WhiteFideId "-1"]
[WhiteFideId "-1"]
[PlyCount "145"]
[GameId "2130307590648224"]
[EventDate "2020.12.22"]
[EventType "swiss (blitz)"]
[EventRounds "11"]
[EventCountry "NET"]
[SourceTitle "The Week in Chess 1364"]
[Source "Mark Crowther"]
[SourceDate "2020.12.28"]
[SourceVersion "1"]
[SourceVersionDate "2020.12.28"]
[SourceQuality "2"]

1. e4 e6 2. d4 d5 3. Nc3 Nf6 4. e5 Nfd7 5. f4 c5 6. Nf3 Nc6 7. Be3 a6 8. Qd2 b5 9. Be2 b4 10. Nd1 Qb6 11. c3 a5 12. O-O Ba6 13. Bxa6 Rxa6 14. Rc1 g6 15. c4 cxd4 16. Nxd4 Nxd4 17. Bxd4 Bc5 18. Bxc5 Qxc5+ 19. Kh1 dxc4 20. Nf2 Qd5 21. Qe2 O-O 22. Rfd1 Qb7 23. Ne4 Kg7 24. Qxc4 Raa8 25. Nd6 Qa7 26. Nb5 Qb7 27. Qc6 Qxc6 28. Rxc6 Rac8 29. Rdc1 Nb6 30. Nd6 Rxc6 31. Rxc6 Nd5 32. g3 Rb8 33. Ra6 b3 34. a3 Rd8 35. Rxa5 Rd7 36. Rb5 Kh6 37. Rxb3 Rc7 38. a4 g5 39. fxg5+ Kxg5 40. a5 Rc1+ 41. Kg2 Ra1 42. Ra3 Rxa3 43. bxa3 Nc7 44. Nxf7+ Kf5 45. Kf3 Na6 46. g4+ Kg6 47. Nd8 Nc5 48. Kf4 h6 49. h4 h5 50. g5 Nd3+ 51. Ke4 Nc5+ 52. Kd4 Nb3+ 53. Kc3 Nxa5 54. Nxe6 Kf5 55. Ng7+ Kg6 56. Nxh5 Kxh5 57. e6 Kg6 58. a4 Nc6 59. Kc4 Kf5 60. Kc5 Ne7 61. Kd6 Nc8+ 62. Kc7 Ne7 63. Kd7 Ng6 64. e7 Ne5+ 65. Kc7 Kg6 66. e8=Q+ Kf5 67. h5 Nc4 68. Qf7+ Ke5 69. Qxc4 Kf5 70. g6 Ke5 71. g7 Kf5 72. g8=Q Ke5 73. Qge6# 1-0

[Event "Titled Tuesday 2020.12.22"]
[Site "chess.com INT"]
[Date "2020.12.22"]
[Round "8"]
[White "Murzin, Volodar"]
[Black "Preotu, Razvan"]
[Result "0-1"]
[WhiteElo "2464"]
[BlackElo "2487"]
[WhiteFideId "-1"]
[WhiteFideId "-1"]
[PlyCount "96"]
[GameId "2130307590648271"]
[EventDate "2020.12.22"]
[EventType "swiss (blitz)"]
[EventRounds "11"]
[EventCountry "NET"]
[SourceTitle "The Week in Chess 1364"]
[Source "Mark Crowther"]
[SourceDate "2020.12.28"]
[SourceVersion "1"]
[SourceVersionDate "2020.12.28"]
[SourceQuality "2"]

1. e4 c5 2. Nf3 d6 3. Bb5+ Nd7 4. O-O a6 5. Bd3 Ngf6 6. c3 b5 7. Bc2 Bb7 8. Qe2 c4 9. b3 Nc5 10. bxc4 bxc4 11. Qxc4 Nfxe4 12. Re1 d5 13. Qb4 e6 14. d4 Bc6 15. dxc5 Bxc5 16. Qb2 Bxf2+ 17. Kh1 Bxe1 18. Nxe1 Qh4 19. Nf3 Qg4 20. Bd3 O-O 21. Qe2 Bb5 22. Bxb5 axb5 23. Ba3 Rfc8 24. Bb4 h5 25. a3 h4 26. Nbd2 h3 27. Nxe4 dxe4 28. Nd4 Qxe2 29. Nxe2 hxg2+ 30. Kxg2 e5 31. Kf2 f5 32. Ng3 g6 33. h4 Rd8 34. h5 Rd2+ 35. Kf1 Kg7 36. c4 Rd3 37. Kf2 Rf3+ 38. Kg2 gxh5 39. Rg1 h4 40. Ne2 Kf6 41. cxb5 Rg8+ 42. Kh2 Rb8 43. Kh1 Rxb5 44. Nc3 Rh3+ 45. Kg2 Rg3+ 46. Kh2 Rxg1 47. Kxg1 Rb8 48. Nd5+ Kg5 0-1

[Event "Titled Tuesday 2020.12.22"]
[Site "chess.com INT"]
[Date "2020.12.22"]
[Round "10"]
[White "Maksimovic, Bojan"]
[Black "Preotu, Razvan"]
[Result "0-1"]
[WhiteElo "2416"]
[BlackElo "2487"]
[WhiteFideId "-1"]
[WhiteFideId "-1"]
[PlyCount "74"]
[GameId "2130307590652448"]
[EventDate "2020.12.22"]
[EventType "swiss (blitz)"]
[EventRounds "11"]
[EventCountry "NET"]
[SourceTitle "The Week in Chess 1364"]
[Source "Mark Crowther"]
[SourceDate "2020.12.28"]
[SourceVersion "1"]
[SourceVersionDate "2020.12.28"]
[SourceQuality "2"]

1. Nf3 c5 2. g3 Nc6 3. Bg2 g6 4. O-O Bg7 5. c3 e5 6. c4 Nge7 7. Nc3 O-O 8. a3 d5 9. cxd5 Nxd5 10. Nxd5 Qxd5 11. d3 Qd6 12. Rb1 a5 13. a4 h6 14. b3 Be6 15. Nd2 b6 16. Nc4 Qc7 17. Bb2 Rad8 18. Qc1 Nd4 19. Bxd4 exd4 20. Qc2 Rfe8 21. Rbe1 h5 22. h4 Bg4 23. Bf3 Bf5 24. Nd2 Re6 25. Ne4 Bh6 26. Qc4 Qe7 27. Kg2 Kg7 28. Rh1 Bg4 29. Qc2 Re8 30. Bxg4 hxg4 31. e3 f5 32. Nd2 dxe3 33. fxe3 Rxe3 34. Nc4 Rxe1 35. Qc3+ Kh7 36. Rxe1 Qxe1 37. Qg7+ Bxg7 0-1

[Event "Titled Tuesday 2020.12.22"]
[Site "chess.com INT"]
[Date "2020.12.22"]
[Round "11"]
[White "Preotu, Razvan"]
[Black "Pantzar, Milton"]
[Result "1-0"]
[WhiteElo "2487"]
[BlackElo "2421"]
[WhiteFideId "-1"]
[WhiteFideId "-1"]
[PlyCount "79"]
[GameId "2130307590656593"]
[EventDate "2020.12.22"]
[EventType "swiss (blitz)"]
[EventRounds "11"]
[EventCountry "NET"]
[SourceTitle "The Week in Chess 1364"]
[Source "Mark Crowther"]
[SourceDate "2020.12.28"]
[SourceVersion "1"]
[SourceVersionDate "2020.12.28"]
[SourceQuality "2"]

1. e4 c6 2. Nc3 d5 3. Nf3 dxe4 4. Nxe4 Nf6 5. Qe2 Bg4 6. h3 Bh5 7. Nxf6+ gxf6 8. d3 Nd7 9. g4 Bg6 10. Bd2 Nb6 11. O-O-O Qd5 12. Kb1 O-O-O 13. Bg2 e6 14. Nh4 Qb5 15. f4 f5 16. Nf3 fxg4 17. Ne5 gxh3 18. Rxh3 Bg7 19. Bc1 Bxe5 20. fxe5 Rd7 21. Qe1 Kb8 22. Rh4 Rhd8 23. Rb4 Qa6 24. Bg5 Rc8 25. Rb3 h5 26. Be3 Rcd8 27. Bc5 Ka8 28. Qg1 Na4 29. Ra3 Nxc5 30. Qxc5 Qxa3 31. Qxa3 Kb8 32. Qb4 Rd4 33. Qe7 R4d7 34. Qf6 Rd4 35. Rh1 a6 36. b3 Ka7 37. Bf3 R8d7 38. Bxh5 Bxh5 39. Rxh5 R4d5 40. Rh7 1-0

[Event "Chess.com Bullet Open 1"]
[Site "chess.com INT"]
[Date "2020.12.19"]
[Round "1"]
[White "Preotu, Razvan"]
[Black "Morales Flores, Monserrat"]
[Result "1-0"]
[WhiteElo "2487"]
[BlackElo "1974"]
[WhiteFideId "-1"]
[WhiteFideId "-1"]
[PlyCount "79"]
[GameId "2130307590677519"]
[EventDate "2020.12.19"]
[EventType "swiss (blitz)"]
[EventRounds "21"]
[EventCountry "NET"]
[SourceTitle "The Week in Chess 1363"]
[Source "Mark Crowther"]
[SourceDate "2020.12.21"]
[SourceVersion "1"]
[SourceVersionDate "2020.12.21"]
[SourceQuality "2"]

1. e4 c5 2. Nc3 e6 3. Nf3 a6 4. g3 Nc6 5. Bg2 Nf6 6. O-O d6 7. Re1 Be7 8. d4 cxd4 9. Nxd4 O-O 10. Nxc6 bxc6 11. Na4 Bb7 12. c4 Rc8 13. b3 d5 14. exd5 cxd5 15. Bb2 Bb4 16. Re2 Qc7 17. Be5 Qe7 18. Nb6 Rc6 19. Bxf6 Qxf6 20. Nd7 Qg6 21. Nxf8 Bxf8 22. cxd5 Rd6 23. Rc1 exd5 24. Rc7 Bc6 25. h4 Rd8 26. Qd4 Qd6 27. Ra7 Bb5 28. Rc2 Qg6 29. Rcc7 Qb1+ 30. Kh2 Be8 31. Qf4 Qxa2 32. Rcb7 Qa5 33. Rb8 Rxb8 34. Qxb8 Bb5 35. Ra8 Qb4 36. Bxd5 g6 37. Qf4 Kg7 38. Qxf7+ Kh6 39. Qxf8+ Qxf8 40. Rxf8 1-0

[Event "Chess.com Bullet Open 1"]
[Site "chess.com INT"]
[Date "2020.12.19"]
[Round "3"]
[White "Preotu, Razvan"]
[Black "Dong, Bao Nghia"]
[Result "1-0"]
[WhiteElo "2487"]
[BlackElo "2227"]
[WhiteFideId "-1"]
[WhiteFideId "-1"]
[PlyCount "131"]
[GameId "2130307590681666"]
[EventDate "2020.12.19"]
[EventType "swiss (blitz)"]
[EventRounds "21"]
[EventCountry "NET"]
[SourceTitle "The Week in Chess 1363"]
[Source "Mark Crowther"]
[SourceDate "2020.12.21"]
[SourceVersion "1"]
[SourceVersionDate "2020.12.21"]
[SourceQuality "2"]

1. e4 e6 2. d4 d5 3. Nc3 dxe4 4. Nxe4 Bd7 5. Nf3 Bc6 6. Bd3 Bxe4 7. Bxe4 c6 8. Qe2 Nd7 9. O-O Ngf6 10. Bd3 Be7 11. c4 O-O 12. Rd1 Qc7 13. b3 Rfe8 14. Bb2 c5 15. dxc5 Nxc5 16. Bc2 a5 17. Ne5 Rad8 18. a3 Bf8 19. Qf3 Ncd7 20. Re1 Nxe5 21. Bxe5 Qe7 22. Bc3 Nd7 23. g3 f6 24. h4 e5 25. b4 axb4 26. axb4 Qf7 27. c5 Kh8 28. Bb2 Nb8 29. Bb3 Qg6 30. h5 Qd3 31. Re3 Qd2 32. Bc3 Qd7 33. h6 gxh6 34. Qxf6+ Bg7 35. Qf3 Nc6 36. Rd1 Nd4 37. Bxd4 exd4 38. Rxe8+ Rxe8 39. Bc4 Rf8 40. Qd5 Qg4 41. Rf1 h5 42. Qxb7 h4 43. Qg2 h3 44. Qd5 h5 45. c6 h4 46. Qd7 Qg5 47. Qxh3 Bh6 48. Qxh4 Qxh4 49. gxh4 Rc8 50. b5 Bf8 51. Rd1 Bd6 52. Kf1 Bc7 53. Ke2 Bb6 54. Kd3 Rf8 55. Ra1 Rf3+ 56. Ke4 Rxf2 57. Ra6 Bc5 58. c7 Rf8 59. Rc6 Be7 60. c8=Q Rxc8 61. Rxc8+ Kg7 62. b6 Kf6 63. Kd3 Bd6 64. b7 Ke5 65. Rc6 Bb8 66. Re6+ 1-0

[Event "Chess.com Bullet Open 1"]
[Site "chess.com INT"]
[Date "2020.12.19"]
[Round "4"]
[White "Kazarian, Anna-Maja"]
[Black "Preotu, Razvan"]
[Result "0-1"]
[WhiteElo "2096"]
[BlackElo "2487"]
[WhiteFideId "-1"]
[WhiteFideId "-1"]
[PlyCount "58"]
[GameId "2130307590681688"]
[EventDate "2020.12.19"]
[EventType "swiss (blitz)"]
[EventRounds "21"]
[EventCountry "NET"]
[SourceTitle "The Week in Chess 1363"]
[Source "Mark Crowther"]
[SourceDate "2020.12.21"]
[SourceVersion "1"]
[SourceVersionDate "2020.12.21"]
[SourceQuality "2"]

1. e4 c5 2. Nf3 d6 3. d4 cxd4 4. Nxd4 Nf6 5. Nc3 a6 6. Be2 e5 7. Nb3 Be7 8. O-O O-O 9. Kh1 Nc6 10. f4 b5 11. Bd3 b4 12. Ne2 a5 13. Be3 d5 14. fxe5 Nxe5 15. exd5 Nxd5 16. Bd4 Ng4 17. Be4 Bb7 18. Ng3 Qc8 19. Qf3 Bd6 20. Bf5 Qc4 21. Qxg4 g6 22. Bd3 Qc8 23. Nh5 Qxg4 24. Nf6+ Nxf6 25. Rf2 Qh4 26. h3 Qxh3+ 27. Kg1 Qh2+ 28. Kf1 Rfe8 29. Rf5 Qxg2# 0-1

[Event "Chess.com Bullet Open 1"]
[Site "chess.com INT"]
[Date "2020.12.19"]
[Round "5"]
[White "Zubov, Alexander"]
[Black "Preotu, Razvan"]
[Result "1-0"]
[WhiteElo "2598"]
[BlackElo "2487"]
[WhiteFideId "-1"]
[WhiteFideId "-1"]
[PlyCount "75"]
[GameId "2130307590681732"]
[EventDate "2020.12.19"]
[EventType "swiss (blitz)"]
[EventRounds "21"]
[EventCountry "NET"]
[SourceTitle "The Week in Chess 1363"]
[Source "Mark Crowther"]
[SourceDate "2020.12.21"]
[SourceVersion "1"]
[SourceVersionDate "2020.12.21"]
[SourceQuality "2"]

1. d4 Nf6 2. Nf3 g6 3. c4 Bg7 4. Nc3 d5 5. e3 O-O 6. Qb3 e6 7. Be2 c5 8. dxc5 Na6 9. cxd5 Nxc5 10. Qa3 Nfe4 11. Nxe4 Nxe4 12. dxe6 Bxe6 13. O-O Qb6 14. Rd1 Rfd8 15. Nd4 Rac8 16. Qa4 Nc5 17. Qb5 Rxd4 18. exd4 Qxb5 19. Bxb5 Ne4 20. Be3 a6 21. Bd3 Nd6 22. Rac1 Rd8 23. d5 Bxd5 24. Bb6 Re8 25. Bxa6 bxa6 26. Rxd5 Nf5 27. a4 Bxb2 28. Rcd1 Bc3 29. Rd8 Rxd8 30. Rxd8+ Kg7 31. Ra8 Nd6 32. Rxa6 Nc4 33. Bc5 Ne5 34. Ra8 Nd3 35. Be3 Kf6 36. a5 Ke7 37. a6 Bb4 38. a7 1-0

[Event "Chess.com Bullet Open 1"]
[Site "chess.com INT"]
[Date "2020.12.19"]
[Round "6"]
[White "Preotu, Razvan"]
[Black "Song, Terry"]
[Result "1-0"]
[WhiteElo "2487"]
[BlackElo "2145"]
[WhiteFideId "-1"]
[WhiteFideId "-1"]
[PlyCount "81"]
[GameId "2130307590685850"]
[EventDate "2020.12.19"]
[EventType "swiss (blitz)"]
[EventRounds "21"]
[EventCountry "NET"]
[SourceTitle "The Week in Chess 1363"]
[Source "Mark Crowther"]
[SourceDate "2020.12.21"]
[SourceVersion "1"]
[SourceVersionDate "2020.12.21"]
[SourceQuality "2"]

1. e4 c5 2. c3 d6 3. d4 Nf6 4. Bd3 Nc6 5. Ne2 e5 6. d5 Ne7 7. h4 g6 8. Ng3 a6 9. h5 b5 10. hxg6 Nxg6 11. Bg5 Be7 12. Nd2 Bd7 13. Qf3 Ng8 14. Bxe7 Qxe7 15. Nf5 Bxf5 16. exf5 Nf4 17. Bc2 Nf6 18. g3 e4 19. Qxf4 Nxd5 20. Qxe4 O-O-O 21. O-O-O Qb7 22. c4 bxc4 23. Nxc4 Nb4 24. Nxd6+ Rxd6 25. Qxb7+ Kxb7 26. Rxd6 Nxa2+ 27. Kb1 Nb4 28. Re1 Kc7 29. Rf6 Rf8 30. Re7+ Kd8 31. Ra7 Nd5 32. Rd6+ Kc8 33. Rxd5 Kb8 34. Re7 h5 35. f6 h4 36. gxh4 a5 37. Be4 a4 38. Rd6 a3 39. Ra6 a2+ 40. Kxa2 Rc8 41. Ra8# 1-0

[Event "Chess.com Bullet Open 1"]
[Site "chess.com INT"]
[Date "2020.12.19"]
[Round "9"]
[White "Preotu, Razvan"]
[Black "Zelbel, Patrick"]
[Result "0-1"]
[WhiteElo "2487"]
[BlackElo "2448"]
[WhiteFideId "-1"]
[WhiteFideId "-1"]
[PlyCount "46"]
[GameId "2130307590690036"]
[EventDate "2020.12.19"]
[EventType "swiss (blitz)"]
[EventRounds "21"]
[EventCountry "NET"]
[SourceTitle "The Week in Chess 1363"]
[Source "Mark Crowther"]
[SourceDate "2020.12.21"]
[SourceVersion "1"]
[SourceVersionDate "2020.12.21"]
[SourceQuality "2"]

1. e4 d5 2. exd5 Qxd5 3. Nc3 Qa5 4. d4 Nf6 5. Bc4 Bg4 6. f3 Bf5 7. Nge2 e6 8. g4 Bg6 9. Nf4 Nc6 10. h4 O-O-O 11. h5 Rxd4 12. Qe2 Bb4 13. O-O Bxc2 14. Qxc2 Rxc4 15. Nd3 Bxc3 16. bxc3 Rxc3 17. Qd2 Qb6+ 18. Kg2 Qd4 19. Bb2 Rxd3 20. Qe2 Rd2 21. Bxd4 Rxe2+ 22. Bf2 Rd8 23. Rfc1 Rdd2 0-1

[Event "Chess.com Bullet Open 1"]
[Site "chess.com INT"]
[Date "2020.12.19"]
[Round "12"]
[White "Preotu, Razvan"]
[Black "Lodici, Lorenzo"]
[Result "1-0"]
[WhiteElo "2487"]
[BlackElo "2483"]
[WhiteFideId "-1"]
[WhiteFideId "-1"]
[PlyCount "135"]
[GameId "2130307590690112"]
[EventDate "2020.12.19"]
[EventType "swiss (blitz)"]
[EventRounds "21"]
[EventCountry "NET"]
[SourceTitle "The Week in Chess 1363"]
[Source "Mark Crowther"]
[SourceDate "2020.12.21"]
[SourceVersion "1"]
[SourceVersionDate "2020.12.21"]
[SourceQuality "2"]

1. e4 e5 2. Nc3 Nc6 3. Nf3 Nf6 4. Bb5 Bd6 5. O-O O-O 6. Re1 Re8 7. Bf1 Bc5 8. d3 Ng4 9. Be3 Nxe3 10. fxe3 d6 11. d4 Bb6 12. Nd5 Bg4 13. Nxb6 axb6 14. c3 Qd7 15. h3 Bh5 16. Qc2 Bg6 17. d5 Ne7 18. Nh4 Bh5 19. Be2 Bg6 20. a4 c6 21. dxc6 bxc6 22. Nxg6 hxg6 23. Bg4 Qc7 24. Red1 d5 25. exd5 cxd5 26. Bf3 Red8 27. Qb3 Ra5 28. Qb4 Rc5 29. a5 Rxa5 30. Rxa5 bxa5 31. Qb5 e4 32. Be2 Nf5 33. Rxd5 Nxe3 34. Rxd8+ Qxd8 35. Qe5 Qd2 36. Kf2 Nd1+ 37. Kf1 Ne3+ 38. Kf2 Nxg2 39. Qe8+ Kh7 40. Qxe4 Nf4 41. Kf3 Nxh3 42. Qh4+ Qh6 43. Qxh6+ gxh6 44. b4 Ng5+ 45. Ke3 axb4 46. cxb4 Ne6 47. b5 Nc5 48. b6 Nb7 49. Kd4 Nd8 50. Kd5 g5 51. Kd6 Nb7+ 52. Kd7 Na5 53. Kc7 g4 54. Bd3+ Kg7 55. Bf1 g3 56. Kd6 h5 57. Bg2 h4 58. Kc5 f5 59. Kb5 h3 60. Bxh3 Nb7 61. Bg2 Nd8 62. Kc5 Kf6 63. Kd6 f4 64. Kd7 Ne6 65. Kd6 Nd8 66. Bf3 Kf5 67. Kd7 Ne6 68. Bg4+ 1-0